000 01051na a2200301 4500
999 _c13144
_d13144
001 15582
003 MIRAKIL
005 20190415163226.0
008 160917b tu 000 0
020 _a9757217190
035 _a15582
040 _aMilas
_btur
_cTR-AnCHP
082 _a323.09561 1996
_bT53b 1998
090 _a323.09561 1996 T53b 1998
110 _aTürkiye İnsan Hakları Vakfı (TİHV)
222 _aTürkiye insan hakları raporu
245 _a1996 Türkiye insan hakları raporu
_cTürkiye İnsan Hakları Vakfı
260 _aAnkara
_bTürkiye İnsan Hakları Vakfı Yayınları
_c1998
300 _a480 s.
_c24 sm.
490 _aTürkiye İnsan Hakları Vakfı yayınları
_v18
650 _aİnsan hakları
_xRaporlar
_y1996
_zTürkiye
650 _aİnsan hakları ihlali
_xRaporlar
_xYıllıklar
_y1996
_zTürkiye
650 _aHak ve özgürlükler
_xRaporlar
_xYıllıklar
_y1996
_zTürkiye
650 _aMedeni haklar
_xRaporlar
_xYıllıklar
_y1996
_zTürkiye
942 _2ddc
_cBKS
999 _d13144
999 _d6572